MARC

Tag First Indicator Second Indicator Subfields
LEADER 00000cam a2200000Ii 4500
001 in00003710153
005 20170927140806.0
008 160712s1952 txua s000 0 eng d
035 |a (OCoLC)ocn953458300 
035 |a (OCoLC)953458300 
040 |a TXA  |b eng  |e rda  |c TXA  |d TXA  |d UtOrBLW 
043 |a n-us-tx 
049 |a TXAM 
086 |a Z TA245.7 B874 no. B-194  |2 txdocs 
090 |a S544.3.T4  |b T22 no. B-194 
245 0 0 |a Home canning :  |b fruits, vegetables. 
264 1 |a College Station, Texas :  |b Agricultural Extension Service, Texas A. & M. College System,  |c [1952] 
300 |a 36 pages :  |b illustrations. 
336 |a text  |b txt  |2 rdacontent 
337 |a unmediated  |b n  |2 rdamedia 
338 |a volume  |b nc  |2 rdacarrier 
490 1 |a B / Extension Service ;  |v 194 
500 |a Title from cover. 
500 |a "60M-1-52." 
550 |a In cooperation with the United States Department of Agriculture. 
650 0 |a Fruit  |x Preservation.  |0 http://id.loc.gov/authorities/subjects/sh85052135 
650 0 |a Vegetables  |x Preservation.  |0 http://id.loc.gov/authorities/subjects/sh85142502 
650 0 |a Canning and preserving.  |0 http://id.loc.gov/authorities/subjects/sh85019620 
650 7 |a Canning and preserving.  |2 fast  |0 (OCoLC)fst00845860 
650 3 |a canning. 
650 3 |a home food preservation. 
650 3 |a methodology. 
650 3 |a jars. 
650 3 |a home food storage. 
650 3 |a pressure cooking. 
650 3 |a gauges. 
650 3 |a problem solving. 
650 3 |a product quality standards. 
650 3 |a guidelines. 
650 3 |a canned fruit. 
650 3 |a canned vegetables. 
710 1 |a United States.  |b Department of Agriculture,  |e issuing body.  |0 http://id.loc.gov/authorities/names/n79008243 
710 2 |a Texas Agricultural and Mechanical College System.  |b Agricultural Extension Service,  |e issuing body.  |0 http://id.loc.gov/authorities/names/no2014161616 
830 0 |a B (Texas Agricultural and Mechanical College System. Agricultural Extension Service) ;  |v 194. 
856 4 1 |z Available online via OAK Trust Repository  |u http://oaktrust.library.tamu.edu/handle/1969.1/156761  |t 0 
994 |a C0  |b TXA 
999 f f |s e34982f8-3703-33e0-ba6b-5daee5c0a51d  |i 0e7c325f-9eca-373e-bd4e-aad25b0e4e62  |t 0 
952 f f |a Texas A&M University  |b College Station  |c Electronic Resources  |d Available Online  |t 0  |e S544.3.T4 T22 no. B-194  |g Electronic  |h Library of Congress classification 
998 f f |a S544.3.T4 T22 no. B-194  |t 0  |l Available Online